00445nam a2200145Ia 4500008004100000041001200041082002400053100004000077245005300117250001200170260004100182300000800223400004600231650002200277231217s9999 xx 000 0 und d aEnglish a540.02462 VIJ;1 R aVijayasarathy. P R. Krupakara, P V. 0aEngineering chemistry : for I/II sem BE students a1st ed. c2006bSudha PublicationsaBangalore a202 aSudha's student friendly text book series achemistry,I/II,BE